[Event "GER-ch U25 op-B"]
[White "Morio, Estelle"]
[Black "Finkous, Robert"]
[Site "Oberhof"]
[Round "2"]
[Result "1-0"]
[Date "2013.05.19"]
[WhiteElo "1322"]
[BlackElo "1481"]
[PlyCount "63"]
[EventDate "2013.05.19"]
[EventType "swiss"]
[EventRounds "9"]
[EventCountry "GER"]
[SourceTitle "CBM 154 Extra"]
[Source "ChessBase"]
[SourceDate "2013.06.25"]
[SourceVersion "2"]
[SourceVersionDate "2013.06.25"]
[SourceQuality "1"]

1. f4 d5 2. b3 Nc6 3. Nf3 Nf6 4. Bb2 Bf5 5. e3 e6 6. Bb5 a6 7. Bxc6+ bxc6 8. 0-0 c5 9. d3 c4 10. Qe2 cxb3 11. cxb3 Bc5 12. Nd4 Bxd4 13. Bxd4 0-0 14. Nd2 Rc8 15. Rac1 Bg4 16. Nf3 Bxf3 17. Rxf3 Nd7 18. Rg3 f6 19. Qg4 Qe7 20. Bb2 Qf7 21. Rc6 e5 22. fxe5 Nxe5 23. Bxe5 fxe5 24. Rf3 Qe7 25. Rxf8+ Rxf8 26. Qe6+ Qxe6 27. Rxe6 d4 28. e4 g6 29. Rxe5 Rd8 30. Rc5 Rd7 31. Rc6 a5 32. Rc5 1-0